[Event "Moscow op-E"]
[Site "Moscow"]
[Date "2011.01.31"]
[Round "3.233"]
[White "Rosanov, Lev I"]
[Black "Marder, Elena"]
[Result "1-0"]
[WhiteElo "2075"]
[BlackElo "1795"]
[PlyCount "53"]
[EventDate "2011.01.29"]
[EventType "swiss"]
[EventRounds "9"]
[EventCountry "RUS"]
[SourceTitle "EXT 2022"]
[Source "ChessBase"]
[SourceDate "2021.10.06"]
[SourceVersion "1"]
[SourceVersionDate "2021.10.06"]
[SourceQuality "1"]

1. e4 c5 2. Nf3 Nc6 3. Nc3 d6 4. d4 cxd4 5. Nxd4 Nf6 6. Bc4 g6 7. Nxc6 bxc6 8. e5 Nh5 9. g4 Ng7 10. Be3 Be6 11. Qf3 d5 12. Bb3 Qc7 13. Bf4 h5 14. h3 hxg4 15. hxg4 Rxh1+ 16. Qxh1 Bxg4 17. Nxd5 Qd8 18. Ne3 Bd7 19. 0-0-0 e6 20. Qh8 g5 21. Ng4 gxf4 22. Nf6+ Ke7 23. Rxd7+ Qxd7 24. Nxd7 Kxd7 25. Qh7 Rd8 26. Qe4 Nf5 27. Ba4 1-0

[Event "Moscow op-E"]
[Site "Moscow"]
[Date "2011.01.30"]
[Round "2.207"]
[White "Marder, Elena"]
[Black "Vasilyev, Alexey"]
[Result "0-1"]
[WhiteElo "1795"]
[BlackElo "2040"]
[PlyCount "74"]
[EventDate "2011.01.29"]
[EventType "swiss"]
[EventRounds "9"]
[EventCountry "RUS"]
[SourceTitle "EXT 2022"]
[Source "ChessBase"]
[SourceDate "2021.10.06"]
[SourceVersion "1"]
[SourceVersionDate "2021.10.06"]
[SourceQuality "1"]

1. Nf3 f5 2. g3 Nf6 3. Bg2 g6 4. d3 Bg7 5. 0-0 d6 6. Nbd2 e5 7. e4 0-0 8. c3 Kh8 9. Re1 c6 10. d4 fxe4 11. dxe5 exf3 12. exf6 Qxf6 13. Nxf3 Bg4 14. Re3 d5 15. Qb3 Bc8 16. Re1 h6 17. Be3 Nd7 18. Qb4 a5 19. Qa3 b5 20. Bd4 b4 21. cxb4 Qd6 22. Qe3 Kg8 23. Qe6+ Qxe6 24. Rxe6 Bb7 25. Rxg6 Nf6 26. Ne5 Kh7 27. Rxg7+ Kxg7 28. Nd7 Rf7 29. Nxf6 Rxf6 30. Re1 Kf7 31. Bxf6 Kxf6 32. bxa5 Rxa5 33. a3 c5 34. f4 Rb5 35. Re2 Rb3 36. Kf1 Ba6 37. Bxd5 Re3 0-1

[Event "Moscow op-E"]
[Site "Moscow"]
[Date "2011.01.29"]
[Round "1.188"]
[White "Romcovici, Victor"]
[Black "Marder, Elena"]
[Result "1-0"]
[WhiteElo "2200"]
[BlackElo "1795"]
[PlyCount "55"]
[EventDate "2011.01.29"]
[EventType "swiss"]
[EventRounds "9"]
[EventCountry "RUS"]
[SourceTitle "EXT 2022"]
[Source "ChessBase"]
[SourceDate "2021.10.06"]
[SourceVersion "1"]
[SourceVersionDate "2021.10.06"]
[SourceQuality "1"]

1. e4 c5 2. Nc3 d6 3. f4 g6 4. Nf3 Bg7 5. Bc4 e6 6. f5 exf5 7. d3 Nf6 8. 0-0 0-0 9. Qe1 fxe4 10. dxe4 Be6 11. Bxe6 fxe6 12. Ng5 Qe7 13. e5 dxe5 14. Qxe5 Re8 15. Nce4 Nbd7 16. Qg3 Nh5 17. Qc7 Rf8 18. Be3 Rf5 19. g4 Rxf1+ 20. Rxf1 Nhf6 21. Nxf6+ Bxf6 22. Rxf6 Qxf6 23. Qxd7 Rd8 24. Qxh7+ Kf8 25. Ne4 Rd1+ 26. Kg2 Qf1+ 27. Kg3 Qe1+ 28. Bf2 1-0

[Event "RUS-chB U16 Girls"]
[Site "Dagomys"]
[Date "2009.04.22"]
[Round "8"]
[White "Marder, Elena"]
[Black "Pyltsina, Ekaterina"]
[Result "0-1"]
[WhiteElo "1799"]
[BlackElo "1839"]
[PlyCount "82"]
[EventDate "2009.04.15"]
[EventType "swiss"]
[EventRounds "9"]
[EventCountry "RUS"]
[SourceTitle "EXT 2010"]
[Source "ChessBase"]
[SourceDate "2010.11.25"]
[SourceVersion "1"]
[SourceVersionDate "2010.11.25"]
[SourceQuality "1"]

1. e4 c5 2. Nf3 Nc6 3. Bb5 g6 4. Bxc6 bxc6 5. 0-0 Bg7 6. Re1 d5 7. e5 e6 8. c3 c4 9. b4 a5 10. d3 cxd3 11. Qxd3 Ba6 12. Qd4 Ne7 13. Bg5 0-0 14. Qc5 Re8 15. Bxe7 Qxe7 16. Qd4 Reb8 17. a3 c5 18. bxc5 Rc8 19. h4 Qxc5 20. Qf4 Qc4 21. Nd4 Qc7 22. Re3 Rab8 23. Nd2 Rb2 24. Rh3 Qxe5 25. Qxe5 Bxe5 26. N2f3 Bg7 27. Ne1 Rc4 28. Rd1 Ra2 29. Nec2 Bxd4 30. Nxd4 Rxa3 31. Rc1 e5 32. Ne2 d4 33. f4 Rc8 34. cxd4 Rxc1+ 35. Nxc1 Rxh3 36. gxh3 exd4 37. Kf2 a4 38. Kf3 Kg7 39. Ke4 d3 40. Nxd3 Bxd3+ 41. Kxd3 Kf6 0-1

[Event "RUS-chB U16 Girls"]
[Site "Dagomys"]
[Date "2009.04.19"]
[Round "5"]
[White "Maidanova, Irina"]
[Black "Marder, Elena"]
[Result "0-1"]
[WhiteElo "1932"]
[BlackElo "1799"]
[PlyCount "68"]
[EventDate "2009.04.15"]
[EventType "swiss"]
[EventRounds "9"]
[EventCountry "RUS"]
[SourceTitle "EXT 2010"]
[Source "ChessBase"]
[SourceDate "2010.11.25"]
[SourceVersion "1"]
[SourceVersionDate "2010.11.25"]
[SourceQuality "1"]

1. e4 e6 2. d4 d5 3. Nd2 c5 4. Ngf3 Nf6 5. e5 Nfd7 6. c3 Be7 7. Bd3 cxd4 8. cxd4 Qb6 9. 0-0 Nc6 10. h4 Nxd4 11. Nxd4 Qxd4 12. Nf3 Qb6 13. Qa4 0-0 14. Qc2 f5 15. exf6 Nxf6 16. Be3 Qd6 17. Rac1 b6 18. Nh2 e5 19. Qc7 Bd7 20. f3 Qxc7 21. Rxc7 Bd6 22. Rc2 Rac8 23. Rfc1 Rxc2 24. Rxc2 Rc8 25. Rxc8+ Bxc8 26. Kf2 e4 27. fxe4 dxe4 28. Bc4+ Kf8 29. Nf1 Ke7 30. Nd2 h6 31. Bb3 Ba6 32. Bc2 Ng4+ 33. Ke1 Nxe3 34. Bxe4 Bg3# 0-1

[Event "RUS-chB U16 Girls"]
[Site "Dagomys"]
[Date "2009.04.17"]
[Round "3"]
[White "Marder, Elena"]
[Black "Nasybullina, Alfia"]
[Result "1-0"]
[WhiteElo "1799"]
[BlackElo "1851"]
[PlyCount "45"]
[EventDate "2009.04.15"]
[EventType "swiss"]
[EventRounds "9"]
[EventCountry "RUS"]
[SourceTitle "EXT 2010"]
[Source "ChessBase"]
[SourceDate "2010.11.25"]
[SourceVersion "1"]
[SourceVersionDate "2010.11.25"]
[SourceQuality "1"]

1. Nf3 Nf6 2. c4 g6 3. g3 Bg7 4. Bg2 d6 5. 0-0 0-0 6. d4 Nbd7 7. Nc3 e5 8. e4 exd4 9. Nxd4 Ne5 10. b3 Re8 11. h3 Bd7 12. Be3 h5 13. Bg5 Qc8 14. Kh2 Nh7 15. Be3 Bf6 16. Nd5 Bg7 17. Rc1 Nf6 18. f4 Nc6 19. Nb5 Nxe4 20. Nbxc7 Nc3 21. Rxc3 Bxc3 22. Nxa8 Ba5 23. Nf6+ 1-0

[Event "Moscow op-B"]
[Site "Moscow"]
[Date "2009.02.07"]
[Round "8"]
[White "Marder, Elena"]
[Black "Sarkisian, Vagan"]
[Result "1-0"]
[WhiteElo "1747"]
[BlackElo "1931"]
[PlyCount "77"]
[EventDate "2009.01.31"]
[EventType "swiss"]
[EventRounds "9"]
[EventCountry "RUS"]
[SourceTitle "EXT 2012"]
[Source "ChessBase"]
[SourceDate "2011.11.24"]
[SourceVersion "1"]
[SourceVersionDate "2011.11.24"]
[SourceQuality "1"]

1. c4 e6 2. Nf3 Nf6 3. g3 b6 4. Bg2 Bb7 5. 0-0 Be7 6. Nc3 0-0 7. b3 c5 8. Bb2 d5 9. cxd5 exd5 10. d4 Nc6 11. e3 Rc8 12. Re1 c4 13. bxc4 dxc4 14. Ne5 Na5 15. e4 a6 16. d5 b5 17. a3 Nb3 18. Rb1 Qa5 19. d6 Rfd8 20. Ng4 Rxd6 21. Nxf6+ Rxf6 22. e5 Rxf2 23. Bxb7 Rd8 24. Bd5 Qb6 25. Kh1 Qh6 26. Bg2 Rxd1 27. Rexd1 Rd2 28. Re1 Qb6 29. Ne4 Rc2 30. Red1 Qc6 31. Nf6+ gxf6 32. Bxc6 Nd2 33. exf6 Bc5 34. Bc3 Nxb1 35. Rd8+ Bf8 36. Bb4 Rc1+ 37. Kg2 h5 38. Rxf8+ Kh7 39. Rxf7+ 1-0